Cuerpos pintados por Testa
Saved in:
| Institution som forfatter: | |
|---|---|
| Format: | Bog |
| Sprog: | spansk |
| Udgivet: |
Santiago
Taller Experimental Cuerpos Pintados
2004
|
| Udgivelse: | 1a. ed |
| Serier: | Colección Cuerpos Pintados. Pintura A27
|
| Fag: | |
| Tags: |
Tilføj Tag
Ingen Tags, Vær først til at tagge denne postø!
|
MARC
| LEADER | 00000cam a2200000 a 4500 | ||
|---|---|---|---|
| 001 | UCF9400 | ||
| 003 | CL-VaPUC | ||
| 008 | 131115e20040000cl |||||||||||||||||spa|d | ||
| 020 | |a 9568371133 | ||
| 082 | 0 | 4 | |a 757.22 |b TAL |2 21 |
| 110 | 2 | |a Taller Experimental Cuerpos Pintados |e author |9 571685 | |
| 245 | 1 | 0 | |a Cuerpos pintados por Testa |
| 250 | |a 1a. ed | ||
| 300 | |a pág. irreg | ||
| 942 | |c BK | ||
| 945 | |d 20131115 14:49:00 |a dcastane | ||
| 260 | |a Santiago |b Taller Experimental Cuerpos Pintados |c 2004 | ||
| 500 | |a Fotografía de Roberto Edwards | ||
| 650 | 7 | |a DESNUDO EN EL ARTE |2 CL-VaPUC |9 444355 | |
| 650 | 0 | |a Pintura |9 265046 | |
| 650 | 0 | |a Pintura chilena siglo 20 |9 314453 | |
| 583 | |a last modification |c 20131115 14:49:00 |k Rodrigo Vera | ||
| 490 | 0 | |a Colección Cuerpos Pintados. Pintura A27 | |
| 999 | |c 353846 |d 353844 | ||
| 952 | |0 0 |1 0 |3 erd |4 0 |6 757_220000000000000_TAL_2004 |7 0 |8 X |9 459267 |a BIBART |b BIBART |i 5025052 |o 757.22 TAL 2004 |p 5025052 |r 2025-03-13 |w 2019-11-23 |y BK_X |z Catalogado en:20131115 |k ART | ||